000 00605nam a2200241 a 4500
001 nice12345678
003 IN_TiNIC
005 20260116013824.0
008 050524s1978 leia grp 000 0 eng
020 _a9004324
_c4418
082 0 0 _a200.1
_bBIA
100 _aBianchi, Ugo
245 _aSelected Essays on Gnosticism, Dualism and Mysteriosophy
260 _aLeiden
_bBrill
_c1978
300 _a468p
500 _aincludes index and biblioraphy
505 2 _aIndex
650 _aReligion-Philosophy
700 1 _aBianchi, Ugo
902 _bSRS
942 _cBK
999 _c12666
_d12666